Methodologies for screening soil-improving legumes / (Record no. 18284)

000 -LEADER
fixed length control field 00453pam a2200157 a 4500
020 ## - INTERNATIONAL STANDARD BOOK NUMBER
ISBN 0878579893 :
040 ## - CATALOGING SOURCE
Transcribing agency DLC
082 00 - DEWEY DECIMAL CLASSIFICATION NUMBER
Classification number 631 R.I 1991 C141 Co.
100 1# - MAIN ENTRY--AUTHOR NAME
Personal name Sarrantonio, Marianne,
245 10 - TITLE STATEMENT
Title Methodologies for screening soil-improving legumes /
260 ## - PUBLICATION, DISTRIBUTION, ETC. (IMPRINT)
Place of publication Kutztown, Pa., U.S.A. :
Name of publisher Rodale Institute,
Year of publication c1991.
300 ## - PHYSICAL DESCRIPTION
Number of Pages xxviii, 310 p. :
Other physical details ill. ;
Dimensions 22 cm.
650 #0 - SUBJECT ADDED ENTRY--TOPICAL TERM
Topical Term Legumes.
650 #0 - SUBJECT ADDED ENTRY--TOPICAL TERM
Topical Term Nitrogen-fixing plants.
942 ## - ADDED ENTRY ELEMENTS (KOHA)
Koha item type ADB
952 ## - LOCATION AND ITEM INFORMATION (KOHA)
Withdrawn status [LOCAL, KOHA] 0
Holdings
Source of acquisition Permanent Location Date acquired Koha item type Lost status Shelving location Current Location Full call number
A36134Library Block C2019-10-07ADB C141Library Block C631 R.I 1991 C141 Co.
មជ្ឈមណ្ឌលឯការនៃសាកលវិទ្យាល័យភូមិន្ទកសិកម្មចំការដូង

Powered by Koha